MDQL
is popping MORE tags! Check the
thread
!
Quizzes
Events
Quiz Creation
Community
Videos
Private Events
Remove Ads
Sign In
Join for FREE
Feedback
Dark Mode
Quiz Categories
Sports
Geography
Music
Movies
Television
Just For Fun
Miscellaneous
History
Literature
Language
Science
Gaming
Entertainment
Religion
Holiday
For Kids
Quiz Lab
Recent
Popular Today
Quiz Kudos Today
Editor Picks
Curator Picks
Quizzes by...
Day
Popularity
Type
Ratings
Length
Year
Community
Subscriptions
Recent Discussions
Orange Saloon
Badges
Playlists
Quests
Create
Leaderboards
Showdown
Live 5
Trivia Bingo
Activity
Puzzle Library
Sporcle Events
Private Events
Virtual Trivia
Globe League
Become a Host
Pub Owners
SporcleCon
Opinionation
Our Games
Videos
Blog
Mobile Apps
Partnerships
Remove Ads and Go Orange
Feedback
Sports
Athletes
MLB
NBA
NHL
NFL
Soccer
Sports Teams
WWE
NCAA
Football
Premier League
Basketball
Baseball
Hockey
Golf
Tennis
Cricket
Rugby
Auto Racing
Olympics
World Cup
Sports
Athletes
MLB
NBA
NHL
NFL
Soccer
Sports Teams
WWE
NCAA
Football
Premier League
Basketball
Baseball
Hockey
Golf
Tennis
Cricket
Rugby
Auto Racing
Olympics
World Cup
Random Quiz
Search Sporcle
×
Quiz Lab
Quiz Lab
Sports
Golf
Type in answers that appear in a list
Type in answers that appear in a list
Classic
Best Score? Go Orange.
Most weeks in OWGR top-10 since 1996 Stats
Can you name the players with most weeks in OWGR top-10?
By
apoppe
3m
20 Questions
319 Plays
319 Plays
319 Plays
Comments
Comments
Give Quiz Kudos
Give Quiz Kudos
-
- Ratings
hide this ad
Replay
Link that replays current quiz
Next Quiz
Link to next quiz in quiz playlist
You Got
0%
They Got
Avg Score
77%
Avg Friend Score
Upgrade to see
Score Distribution
Jump to the score distribution portion of the page
Score
0/20
Timer
03:00
0
Plays Today
Weeks
Answer
% Correct
856
Tiger Woods
100%
771
Phil Mickelson
97.8%
542
Vijay Singh
95.9%
355
Rory McIlroy
94%
705
Ernie Els
93.4%
408
Sergio Garcia
91.8%
411
Adam Scott
90.3%
282
Henrik Stenson
82.1%
352
Lee Westwood
79%
304
Padraig Harrington
76.8%
Weeks
Answer
% Correct
207
Nick Price
75.2%
195
Jason Day
73%
255
Justin Rose
72.7%
219
Luke Donald
70.2%
312
Colin Montgomerie
69%
440
Jim Furyk
68.7%
274
Retief Goosen
62.7%
231
David Duval
50.2%
251
Steve Stricker
49.8%
407
Davis Love III
49.5%
Quiz Playlist
Details
Report
Send in Message
Add To Playlist
Classic:
Type in answers that appear in a list
Last Updated: Mar 20, 2017
Quiz Scoreboard
CHALLENGE
Sign Up to Join the Scoreboard
Show All
Scores
Hide
Comments
May contain spoilers
Recently Published
Colored Red Africa Blitz
by spor1
Geography
30s
Find the 'City' Movie
by crazypaving
Movies
60s
5x2 Blitz: Bands
by SL_Kpop136
Music
30s
More to Explore
Quiz From the Vault
Featured Blog Post
14 Easter Pick-up Lines to Find Eggs With
hide this ad
You Might Also Like...
Tags
Country Quiz
Golf Quiz
Player
Top 10
Week
World Ranking
Today's Top Quizzes in Sports
Browse Sports
hide this ad
Today's Top Quizzes in Golf
Browse Golf
Top Contributed Quizzes in Sports
1
Players with Multiple 50 Home Run Seasons
2
Les entraîneurs de l'OM et du PSG au 21e siècle
3
Criteria MLB: Left Handed Sluggers
4
2022 World Cup Stars
5
Les meilleurs buteurs des matchs entre le PSG et l’OM
6
Who Hit More Homers?
7
Les joueurs passés par le PSG et l'OM
8
NBA Logic Puzzle 2.0
9
Top 10 NHL Goal Scorers of All Time
10
MLB Players with Two .350 Batting Average Seasons
Explore More
Trending Topics
NBA
Anime
Disney
Harry Potter
Marvel
Crossword
Kpop
NFL
Country
The Office
Soccer
Puzzle
WWE
Pokémon
Song
hide this ad
More By:
apoppe
Quiz
Plays
Rating
Category
Featured
Created
FCK starting XI Superliga
1,581
4.50
Sports
Feb 25, 2014
All time topscorers of the danish Superligaen
797
5.00
Sports
Oct 20, 2012
Most weeks in OWGR top-10 since 1996
319
5.00
Sports
Feb 18, 2017
Top 10 topscorers per club in Champions League
222
5.00
Sports
Feb 7, 2023
Topscorers of the Danish Superligaen
189
5.00
Sports
Oct 20, 2012
Go to Creator's Profile
Score Distribution
Quiz Creator Spotlight
apoppe
Follow
Send a Message
Quizzes Created
-
Created Quiz Play Count
-
More By This Creator
Popular Quizzes Today
1
Find the 'City' Movie
2
Colored Red Africa Blitz
3
Find the US States - No Outlines Minefield
4
5x2 Blitz: Bands
5
The Countries of the World
6
Find the US States
7
US States
8
9x9 Crossword: Cartoon Network
More Sports Quizzes
Big 4 US Sports Cities
Published
Trending Quizzes
Colored Red Europe Blitz I
Colored Red Africa Blitz II
Colored Red Europe Blitz II
Colored Red Africa Blitz III
Colored Red Europe Blitz III
Recently Updated
2024 March Madness Bracket
pecheneg
Famous TV Couples
Peacemaker
Champions League XIs: Real Madrid
pecheneg
Largest US Cities 1790-2010
pecheneg
Rides in Walt Disney World
pecheneg
Most Oscar Losses (Acting)
pecheneg
Beyoncé Albums
pecheneg
Leaping Animals
pecheneg
Reality TV Shows (A-Z)
bhenderson79
Rickey Henderson's Hall of Fame Teammates
pecheneg
Trending Topics
Anime
Kpop
Marvel
Harry Potter
Crossword
NBA
Disney
The Office
Pokémon
Soccer
Song
NFL
Country
WWE
Puzzle
Your Account Isn't Verified!
In order to create a playlist on Sporcle, you need to verify the email address you used during registration. Go to your
Sporcle Settings
to finish the process.
Report this User
Report this user for behavior that violates our
Community Guidelines
.
Details:
Send Report
Go to the Sporcle.com Mobile Site →
Comments